Statistics for Most Spoken Cyrillic Script Languages

Click here to take the quiz!

General Stats

  • This quiz has been taken 97 times
  • The average score is 9 of 12

Answer Stats

SpeakersLanguage% Correct
150 milRussian
99%
45 milUkrainian
95%
9 milBulgarian
94%
15 milKazakh
88%
12 milSerbian
86%
6.5 milBelarusian
82%
8.4 milTajik
77%
~2 milSlavomacedonian
70%
4.3 milKyrgyz
69%
5.2 milMongolian
65%
5.2 milTatar
38%
1.4 milChechen
24%

Score Distribution

Percentile by Number Answered

Percent of People with Each Score

Your Score History

You have not taken this quiz